Länder mit der höchsten Lebensqualität - Statistiken

Allgemein
  • Dieses Quiz wurde 196 mal gespielt
  • Das Durchschnittsergebnis liegt bei 22 aus 27
Antwortstatistiken
Platz Land Bewertung % Korrekt
8. Deutschland 70
99%
13. Schweden 69
98%
20. Finnland 68
96%
13. Kanada 69
96%
8. Norwegen 70
96%
3. Schweiz 72
94%
13. Vereinigte Staaten 69
94%
23. Dänemark 67
93%
25. Italien 65
93%
8. Japan 70
93%
7. Spanien 71
93%
1. Australien 77
91%
13. Niederlande 69
90%
13. Frankreich 69
88%
8. Neuseeland 70
87%
8. Portugal 70
86%
3. Luxemburg 72
81%
13. Südkorea 69
81%
25. Griechenland 65
77%
3. Singapur 72
73%
2. San Marino 73
66%
3. Malta 72
64%
20. Kroatien 68
59%
24. Slowenien 66
57%
20. Vereinigte Arabische Emirate 68
54%
13. Zypern 69
51%
25. Israel 65
43%
Keine übereinstimmenden Quizze gefunden
Verteilung der Resultate
Anzahl Personen mit jedem Resultat
Perzentil nach korrekt beantworteten Fragen
Ihre Resultats-Entwicklung
Sie haben dieses Quiz noch nicht gespielt